El Desarrollo económico: Un Mito

Salvato in:
Dettagli Bibliografici
Autore principale: Furtado, Celso (Autore)
Natura: Sconosciuto
Lingua:inglese
Pubblicazione: México, D.F., México: Siglo Veintiuno Editores, 1984
Edizione:Sexta edición.
Soggetti:
Tags: Aggiungi Tag
Nessun Tag, puoi essere il primo ad aggiungerne!!

MARC

LEADER 00000 a2200000 4500
003 CL-VaPUC
005 20220112144222.0
008 220106b1984 ||||| |||| 00| 0 eng d
999 |c 434215  |d 434213 
020 |a 9789682302541 
040 |c Pontificia Universidad Católica de Valparaíso 
082 7 |a 338.9 FUR 1984  |2 22 
100 |a Furtado, Celso  |9 312147  |e author 
245 1 3 |a El Desarrollo económico:   |b Un Mito 
250 |a Sexta edición. 
260 |a México, D.F., México:  |b Siglo Veintiuno Editores,   |c 1984 
300 |a 141 páginas  
583 |k Cristina María Rojas Aguilar  |c 20220106 
650 0 |a Desarrollo económico  |9 259599 
650 0 |a Historia económica  |9 307218 
942 |2 ddc  |c BK 
952 |0 0  |1 0  |2 ddc  |4 0  |6 338_900000000000000_FUR_1984  |7 0  |8 A  |9 580176  |a BIBING  |b BIBING  |c RES  |d 2022-01-06  |e 3  |g 14768.00  |i 5633702  |o 338.9 FUR 1984  |p 5633702  |r 2025-01-20  |t 1  |v 14768.00  |w 2022-01-06  |y BK  |k GEO 
952 |0 0  |1 0  |2 ddc  |4 0  |6 338_900000000000000_FUR_1984  |7 0  |8 A  |9 580177  |a BIBING  |b BIBING  |c RES  |d 2022-01-06  |e 3  |g 14768.00  |i 5633729  |o 338.9 FUR 1984  |p 5633729  |r 2025-01-20  |t 3  |v 14768.00  |w 2022-01-06  |y BK  |k GEO 
952 |0 0  |1 0  |2 ddc  |4 0  |6 338_900000000000000_FUR_1984  |7 0  |8 A  |9 580178  |a BIBING  |b BIBING  |c RES  |d 2022-01-06  |e 3  |g 14768.00  |i 5633710  |o 338.9 FUR 1984  |p 5633710  |r 2025-01-20  |t 2  |v 14768.00  |w 2022-01-06  |y BK  |k GEO